000 00288nam a22001337a 4500
008 170529b xxu||||| |||| 00| 0 eng d
020 _a394318552
041 _aeng
080 _a93
100 _a16
101 _aSHH
245 _aTHE WESTERN EXPERIENCE
_cCHAMBERS, M
942 _2udc
_cBK
999 _c14933
_d14933